A dictionary of the crisis in the Philippine ecosystems

The aim of this book is to improve the reader's literacy on the environmental crisis in the Philippines.While it is called a dictionary, it is not supposed to replace a webster or the OED.

Đã lưu trong:
Bibliografiske detaljer
Hovedforfatter: Segovia, Raul E
Format: Bog
Sprog:Undetermined
Udgivet: Manila Philippine Environmental Action Network 1995
Fag:
Tags: Tilføj Tag
Ingen Tags, Vær først til at tagge denne postø!
Thư viện lưu trữ: Trung tâm Học liệu Trường Đại học Cần Thơ
LEADER 00839nam a2200205Ia 4500
001 CTU_143866
008 210402s9999 xx 000 0 und d
082 |a 577.03 
082 |b S454 
100 |a Segovia, Raul E 
245 2 |a A dictionary of the crisis in the Philippine ecosystems 
245 0 |c by Raul E. Segovia 
260 |a Manila 
260 |b Philippine Environmental Action Network 
260 |c 1995 
520 |a The aim of this book is to improve the reader's literacy on the environmental crisis in the Philippines.While it is called a dictionary, it is not supposed to replace a webster or the OED. 
650 |a Human ecology,Dictionaries,Sinh thái của con người,Từ điển 
650 |x Terminology,Thuật ngữ 
904 |i Tuyến 
980 |a Trung tâm Học liệu Trường Đại học Cần Thơ